000 00808nam a22002537a 4500
003 OSt
005 20150408114217.0
008 140512s2014 enka g 001 0 eng d
020 _a9781292026572
020 _a129202657x
040 _aMa-Un
082 0 4 _222
_a006.22
_bMMM
100 1 _aMazidi, Muhammad Ali
_944780
245 1 4 _aThe 8051 microcontroller and embedded systems /
_cMuhammad Ali Mazidi, Janice Gillispie Mazidi, Rolin D. McKinlay.
250 _a2nd ed.
260 _aEssex :
_bPearson Education Limited,
_c2014.
300 _axiii, 626 p.
_b ill. ;
_c28 cm.
500 _aIncludes index.
650 _aProgrammable controllers.
_944781
650 _aEmbedded computer systems.
700 1 _aMazidi, Janice Gillispie
_944783
700 1 _aMcKinlay, Rolin D.
_944784
942 _2ddc
_cBOOK
999 _c34991
_d269491